| 000 | 00840nam a2200253 i 4500 | ||
|---|---|---|---|
| 001 | 73350 | ||
| 003 | ES-MaACL | ||
| 005 | 20251001174911.0 | ||
| 007 | t| | ||
| 008 | 040929s1990 sp ||||0| spa | ||
| 020 | _a84-87035-11-6 | ||
| 080 | _a929 Picasso, Pablo (084.12) | ||
| 110 | 2 |
_aFundación Picasso. _94377 |
|
| 245 | 1 | 0 |
_aOlga Koklova, Pablo Picasso y Pablito : _bfotografías. |
| 260 |
_a[Málaga] : _bFundación Pablo Ruiz Picasso : _bAyuntamiento de Málaga, _c[1990] |
||
| 300 |
_a[4] p., 10 h. de lám. fot. ; _c28 cm. |
||
| 490 | 1 |
_aÁlbum ; _v7 |
|
| 600 | 1 | 4 |
_aPicasso, Pablo, _d1881-1973- _vObras ilustradas _9174081 |
| 600 | 1 | 4 |
_aKoklova, Olga, _d1891-1955 _9174082 |
| 710 | 1 |
_aMálaga. _bAyuntamiento. _95634 |
|
| 830 | 1 |
_aÁlbum ; _v7 _9183397 |
|
| 852 | 4 |
_aES-MaACL _j2182-F-16 |
|
| 999 |
_c73350 _d73350 |
||